00782 a2200181 4500003000500000005001700005010001600022020001700038040000900055082001800064100002000082245007700102260003900179300003400218505028900252650002500541650003400566Nust20221202122241.0 a 89023162 a0132150883 : cNust00a621.38153,LAL1 aLala, Parag K.,10aDigital system design using programmable logic devices /cParag K. Lala. aHyderabadbBS publicationscc1990. axii, 286 p. :bill. ;c24 cm. aIntroduction (Page-1), Programmable Read only Memory (Page-21), Field-Programmable Combinational Devices(Page-47), Field-Programmable Logic Sequencers (Page-84), Programmable Array Logic (Page-114), New Generation of Programmable Logic Device (Page-167), Logic Cell Array (Page-242). 0aDigital electronics. 0aTelecommunication Engineering